000 00779nam a2200253Ia 4500
003 OSt
005 20221005112650.0
006 a|||||r|||| 00| 0
007 ta
008 221004b |||||||| |||| 00| 0 pan d
024 _a117572
037 _cTextual
040 _aCRL
_cCRL
_bpan
041 _2pan
_apan
082 _aQ8441:g, 153P9
100 _aਪਨੂੰ, ਜਤਿੰਦਰ
245 0 _aਸਿੱਖ ਧਰਮ ਦੇ ਸਮਾਜਕ ਸਰੋਕਾਰ
260 _aਜਲੰਧਰ
_bਵਿਾਲ ਪਬਲਿਰਗ਼ ਭਾਰਤ
_c2009
300 _a149ਪੰ
_ccm.
650 _a ਧOਰੁ Fਸੱਢ
650 _aਧਰਮ
942 _hQ8441:g, 153P9
_cTEXL
_2cc
999 _c1025583
_d1025583